|
|
|
|
| LEADER |
00919nam a22002417a 4500 |
| 001 |
41820 |
| 003 |
BD-DhAAL |
| 008 |
231001t1996 enk||||| b||| 001 0 eng d |
| 020 |
|
|
|a 074941989X
|
| 020 |
|
|
|a 9780749419899
|
| 040 |
|
|
|a BD-DhAAL
|c BD-DhAAL
|
| 082 |
|
|
|a 371.146
|
| 100 |
|
|
|a Glover, Derek.
|9 35536
|
| 245 |
|
|
|a Managing professional development in education :
|b issues in policy and practice /
|c Derek Glover, Sue Law.
|
| 264 |
|
|
|a London :
|b Kogan Page,
|c c1996.
|
| 300 |
|
|
|a ix, 182 pages ;
|c 23 cm.
|
| 526 |
|
|
|a BIED
|
| 541 |
|
|
|a Complimentary copy from BIED
|e 41820
|
| 700 |
|
|
|a Law, Sue.
|9 35532
|
| 852 |
|
|
|a Ayesha Abed Library
|c BIED Collection
|
| 942 |
|
|
|2 ddc
|c BK
|
| 999 |
|
|
|c 46193
|d 46193
|
| 952 |
|
|
|0 0
|1 0
|2 ddc
|4 0
|6 371_146000000000000_GLO
|7 0
|9 74494
|a BRACUL
|b BRACUL
|c GEN
|d 2023-10-01
|e Complimentary copy from BIED
|l 0
|o 371.146 GLO
|p 3010041820
|r 2023-10-01
|t 1
|w 2023-10-01
|y BK
|x Transferred from BIED to General Stacks
|